000 00405nam a2200145Ia 4500
008 211109s9999||||xx |||||||||||||| ||und||
082 _a894.81209
_bNAR-S
100 _aNarayanan Potti, E K
245 0 _aSahithya Dersanam
260 _bNATIONAL BOOKSTALL
_aKottayam
_c1978
300 _a140p.
630 _xGeneral Stack
650 _aLITERATURE
_vMALAYALAM LITERATURE
_xCRITICISMGeneralia
942 _cBOOK
999 _c72122
_d72122